[Event "AUTO-OPEN-422"]
[Site "http://www.queenalice.com/game.php?id=118455"]
[Date "2006.10.18"]
[Round "1"]
[White "azerty"]
[Black "bleve"]
[Result "1-0"]
[WhiteElo "1726"]
[BlackElo "1630"]

1. e4 e5 2. f4 d5 3. exd5 Qxd5 4. Nc3 Qe6 5. Nf3 Nc6 6. Bb5 e4 7. O-O exf3 8.
Re1 Bc5+ 9. Kh1 Bd7 10. Rxe6+ fxe6 11. Qxf3 Nd4 12. Qxb7 Rd8 13. Bxd7+ Rxd7 14.
Nb5 Ne7 15. Nxd4 Bxd4 16. c3 Bb6 17. d4 Rf8 18. Be3 c5 19. Qe4 Rf6 20. dxc5 Bc7
21. Bd4 Rxf4 22. Qxe6 Kd8 23. Re1 Rh4 24. c6 Rd6 25. Qxe7+ Kc8 26. Qxh4 Bb6 27.
Bxb6 axb6 28. Re8+ Kc7 29. Qe7+ Rd7 30. Qxd7# 1-0

[Event "AUTO-OPEN-422"]
[Site "http://www.queenalice.com/game.php?id=118478"]
[Date "2006.10.18"]
[Round "1"]
[White "Catamarca"]
[Black "azerty"]
[Result "0-1"]
[WhiteElo "1757"]
[BlackElo "1727"]

1. e4 e6 2. d4 c5 3. c3 d5 4. e5 Nc6 5. Be3 Qb6 6. Qd2 cxd4 7. cxd4 Nge7 8. a3
Nf5 9. Nf3 Bd7 10. Nc3 Nxe3 11. fxe3 f5 12. Be2 h6 13. Nh4 O-O-O 14. Rc1 g5 15.
Ng6 Rg8 16. Nxf8 Rdxf8 17. Nb5 f4 18. b4 fxe3 19. Nd6+ Kb8 20. Rc5 exd2+ 21.
Kxd2 Qd8 22. Rb5 b6 23. a4 a6 24. Rxb6+ Qxb6 25. Rb1 Qxd4+ 0-1

[Event "AUTO-OPEN-422"]
[Site "http://www.queenalice.com/game.php?id=118479"]
[Date "2006.10.18"]
[Round "1"]
[White "azerty"]
[Black "Catamarca"]
[Result "1-0"]
[WhiteElo "1697"]
[BlackElo "1820"]

1. e4 e5 2. f4 exf4 3. Nf3 d5 4. exd5 Qxd5 5. Nc3 Qd8 6. Bc4 Bg4 7. Bxf7+ Ke7 8.
O-O Bxf3 9. Qxf3 Qd4+ 10. Kh1 Kxf7 11. Qxb7 Bc5 12. Ne2 Qc4 13. Rxf4+ Nf6 14.
Rxc4 Re8 15. Rxc5 Nbd7 16. Rxc7 Rxe2 17. Rxd7+ Nxd7 18. Qxd7+ Re7 19. Qd5+ Kg6
20. Kg1 Re1+ 21. Kf2 Ree8 22. d3 Rf8+ 23. Kg3 h6 24. Bd2 Rad8 25. Qe4+ Kf7 26.
Rf1+ Kg8 27. Rxf8+ Rxf8 28. Bc3 1-0

[Event "AUTO-OPEN-422"]
[Site "http://www.queenalice.com/game.php?id=118494"]
[Date "2006.10.18"]
[Round "1"]
[White "azerty"]
[Black "paulouk"]
[Result "1-0"]
[WhiteElo "1067"]
[BlackElo "1451"]

1. e4 e5 2. f4 exf4 3. Nf3 d6 4. Bc4 Qf6 5. O-O Bg4 6. d4 d5 7. Bxd5 c6 8. e5
Qf5 9. Bb3 c5 10. d5 Bxf3 11. Qxf3 a6 12. g4 Qd7 13. Bxf4 Ra7 14. e6 fxe6 15.
Bxb8 Ra8 16. Qxf8# 1-0

[Event "AUTO-OPEN-422"]
[Site "http://www.queenalice.com/game.php?id=118495"]
[Date "2006.10.18"]
[Round "1"]
[White "paulouk"]
[Black "azerty"]
[Result "0-1"]
[WhiteElo "1461"]
[BlackElo "1466"]

1. e4 e6 2. Nf3 c5 3. Bc4 d5 4. exd5 exd5 5. Bb5+ Bd7 6. Bd3 Nf6 7. Qe2+ Be7 8.
O-O c4 9. Bxh7 Nxh7 10. h3 Qc8 11. Re1 Nc6 12. Ne5 Nxe5 13. Qxe5 Be6 14. Qxg7
Bf6 15. Qg3 Ng5 16. Kf1 Ne4 17. Qf3 Rxh3 18. gxh3 Bxh3+ 19. Kg1 Qe6 20. d3 O-O-O
21. dxe4 Rg8+ 22. Kh2 Be5+ 23. Kh1 Bg2+ 24. Qxg2 Rxg2 25. Rg1 Qh3# 0-1

[Event "Challenge"]
[Site "http://www.queenalice.com/game.php?id=119330"]
[Date "2006.10.21"]
[Round "-"]
[White "azerty"]
[Black "Marcelo"]
[Result "1-0"]
[WhiteElo "1561"]
[BlackElo "1704"]

1. e4 e5 2. f4 exf4 3. Nf3 Bd6 4. Bc4 Nf6 5. e5 Qe7 6. O-O O-O 7. exf6 Qxf6 8.
d4 Nc6 9. Nc3 Na5 10. Bd3 c6 11. Ne4 Qe6 12. Nfg5 Qh6 13. Nxd6 Qxg5 14. Bxf4 Qd5
15. c4 Qxd4+ 16. Kh1 b6 17. Bxh7+ Kxh7 18. Qxd4 c5 19. Qe4+ Kg8 20. Rf3 Ba6 21.
Rh3 g6 22. Be5 1-0

[Event "Challenge"]
[Site "http://www.queenalice.com/game.php?id=119952"]
[Date "2006.10.22"]
[Round "-"]
[White "azerty"]
[Black "johnrbrown"]
[Result "1-0"]
[WhiteElo "1667"]
[BlackElo "1709"]

1. e4 e6 2. d4 d5 3. e5 c5 4. c3 Nc6 5. Nf3 Qb6 6. Bd3 Bd7 7. O-O cxd4 8. Bf4
dxc3 9. Nxc3 h6 10. Rc1 Nge7 11. Nb5 Nf5 12. Bxf5 exf5 13. e6 fxe6 14. Nc7+ Kf7
15. Rxc6 bxc6 16. Ne5+ Kg8 17. Nxd7 Qb4 18. Nxa8 Qxf4 19. Qh5 Qd6 20. Qe8 Kh7
21. Qf7 Be7 22. Nc7 Qxd7 23. Nxe6 Rg8 24. Qxf5+ Kh8 25. Nxg7 Qxf5 26. Nxf5 Bf8
27. Rd1 Rg5 28. Ne3 Bg7 29. Kf1 Bxb2 30. Rb1 Bd4 31. g3 Bb6 32. Ke2 d4 33. Nc4
Bc5 34. Rb8+ Kg7 35. Kd3 Kf6 36. Rc8 1-0

[Event "Challenge"]
[Site "http://www.queenalice.com/game.php?id=119954"]
[Date "2006.10.22"]
[Round "-"]
[White "twisty_neil"]
[Black "azerty"]
[Result "0-1"]
[WhiteElo "1584"]
[BlackElo "1655"]

1. d4 Nf6 2. Nc3 c5 3. d5 e6 4. dxe6 fxe6 5. Bg5 h6 6. Bxf6 Qxf6 7. e4 Be7 8.
Nf3 Nc6 9. Bb5 Ne5 10. Nxe5 Qxe5 11. O-O Bd6 12. g3 O-O 13. Qe2 a6 14. Bd3 b5
15. Qe3 c4 16. Be2 Bc5 17. Qd2 b4 18. Na4 Ba7 19. Bxc4 Qxe4 20. b3 Bb7 21. Bd5
Bxd5 22. Qxd5 Qxd5 23. Rad1 Bxf2+ 24. Rxf2 Qxd1+ 25. Kg2 Rxf2+ 26. Kxf2 Rf8+ 27.
Kg2 Qf1# 0-1

[Event "Challenge"]
[Site "http://www.queenalice.com/game.php?id=119955"]
[Date "2006.10.22"]
[Round "-"]
[White "kamu"]
[Black "azerty"]
[Result "1-0"]
[WhiteElo "1778"]
[BlackElo "1623"]

1. d4 Nf6 2. c4 c5 3. d5 e6 4. Nc3 exd5 5. cxd5 d6 6. e4 g6 7. f4 Nbd7 8. Nf3
Qe7 9. Qa4 a6 10. e5 b5 11. Nxb5 Nxd5 12. Nxd6+ Kd8 13. Qc6 N7b6 14. Ng5 Be6 15.
Nb7+ Qxb7 16. Nxe6+ fxe6 17. Qxb7 Rb8 18. Qxb8+ Kd7 19. Bxa6 Nc4 20. Bb5+ Ke7
21. Qe8# 1-0

[Event "Challenge"]
[Site "http://www.queenalice.com/game.php?id=128468"]
[Date "2006.11.12"]
[Round "-"]
[White "azerty"]
[Black "Paulsains"]
[Result "0-1"]
[WhiteElo "1588"]
[BlackElo "1772"]

1. e4 c5 2. f4 Nc6 3. Nf3 e6 4. Bb5 Qb6 5. Bxc6 bxc6 6. O-O Ba6 7. d3 c4+ 8. Kh1
cxd3 9. cxd3 Nf6 10. Re1 Ng4 11. Rf1 Nf2+ 12. Rxf2 Qxf2 13. Nc3 Qb6 0-1

[Event "Challenge"]
[Site "http://www.queenalice.com/game.php?id=128481"]
[Date "2006.11.12"]
[Round "-"]
[White "azerty"]
[Black "dede1900"]
[Result "0-1"]
[WhiteElo "1680"]
[BlackElo "1892"]

1. e4 c5 2. f4 d5 3. exd5 Nf6 4. Bc4 Nbd7 5. Nc3 Nb6 6. Bb5+ Bd7 7. Nf3 Bxb5 8.
Nxb5 Nbxd5 9. d4 a6 10. Nc3 e6 11. O-O Qc7 12. Nxd5 Nxd5 13. c4 Nb6 14. d5 O-O-O
0-1

[Event "Challenge"]
[Site "http://www.queenalice.com/game.php?id=142574"]
[Date "2006.12.17"]
[Round "-"]
[White "lyon691"]
[Black "azerty"]
[Result "1-0"]
[WhiteElo "1517"]
[BlackElo "1720"]

1. e4 e6 2. d4 d5 3. e5 c5 4. c4 cxd4 5. cxd5 Qxd5 6. Nf3 Bc5 7. b3 Nc6 8. Bc4
Qe4+ 9. Qe2 Qxe2+ 10. Kxe2 Nge7 11. Bg5 h6 12. Bh4 Ng6 13. Rc1 Nf4+ 14. Kf1 g5
15. Bg3 Ng6 16. Rd1 O-O 17. Bb5 Bd7 18. Bxc6 Bxc6 19. Nxd4 Bxd4 20. Rxd4 Rad8
21. Rd6 Rxd6 22. exd6 f5 23. f4 gxf4 24. Bf2 Rd8 25. Bc5 b6 26. Ba3 Nh4 27. Nc3
Bxg2+ 28. Kf2 f3 29. Re1 Kf7 30. Nb5 a6 31. Nc7 Rg8 32. Nxe6 1-0

[Event "Challenge"]
[Site "http://www.queenalice.com/game.php?id=166693"]
[Date "2007.2.10"]
[Round "-"]
[White "azerty"]
[Black "GribicheLeTroll"]
[Result "0-1"]
[WhiteElo "1696"]
[BlackElo "2139"]

1. e4 Nc6 2. Nf3 f5 3. exf5 d5 4. Bb5 Bxf5 5. Ne5 a6 6. Nxc6 Qd7 7. Nxe7 axb5 8.
Nxf5 Qxf5 9. d3 Nf6 10. O-O Bd6 11. f4 O-O 12. Be3 Rae8 13. Qf3 Ng4 14. Bd2 Bc5+
0-1